[Event "34th Chess Olympiad (men)"]
[Site "Istanbul"]
[Date "2000.11.12"]
[Round "14.29.3"]
[White "Grigoryan, Karen"]
[Black "Cekro, Ekrem"]
[WhiteElo "2399"]
[BlackElo "2390"]
[WhiteCountry "TKM"]
[BlackCountry "BEL"]
[Result "1/2-1/2"]

1. d4 Nf6 2. c4 e6 3. Nc3 Bb4 4. e3 O-O 5. Bd3 d5 6. Nge2 c5 7. cxd5 cxd4 
8. exd4 Nxd5 9. O-O Nc6 10. Bc2 Be7 11. Qd3 Nf6 12. a3 b6 13. Rd1 Bb7 
14. Nf4 g6 15. Bb3 Rc8 16. d5 Na5 17. Ba2 exd5 18. Nfxd5 Nxd5 19. Nxd5 Bxd5 
20. Bxd5 Bg5 21. f4 Bf6 22. f5 g5 23. Qg3 Qe7 24. Bf4 Rfd8 25. h4 h6 
26. hxg5 Bxg5 27. Kh1 Nc4 28. b3 Ne3 29. f6 Qxf6 30. Bxf7+ Qxf7 31. Rxd8+ Rxd8 
32. Bxg5 Qg7 33. Qxe3 Qxa1+ 34. Kh2 hxg5 35. Qxg5+ Kf7 36. Qxd8 Qxa3 
37. Qd5+ Ke7 38. Qe5+ Kd7 39. Qf5+ Ke7 40. Qe5+ 
1/2-1/2

[Event "34th Chess Olympiad (men)"]
[Site "Istanbul"]
[Date "2000.11.12"]
[Round "14.30.1"]
[White "Erdogdu, Mert"]
[Black "Hatanbaatar, Bazar"]
[WhiteElo "2286"]
[BlackElo "2507"]
[WhiteCountry "TURB"]
[BlackCountry "MGL"]
[Result "1-0"]

1. e4 c5 2. Nf3 Nc6 3. d4 cxd4 4. Nxd4 Qc7 5. Nc3 e6 6. g3 a6 7. Bg2 Nf6 
8. O-O d6 9. h3 Bd7 10. a4 Be7 11. Nde2 O-O 12. g4 Rab8 13. Ng3 b5 
14. axb5 axb5 15. g5 Ne8 16. Kh1 b4 17. Nce2 f6 18. gxf6 Nxf6 19. f4 Kh8 
20. Be3 Bc8 21. Nd4 Nxd4 22. Bxd4 Bb7 23. Ra7 Ra8 24. Rxb7 Qxb7 25. e5 Nd5 
26. Qg4 Qc8 27. Nh5 Rg8 28. Bxd5 exd5 29. e6 Qf8 30. Rg1 Rc8 31. b3 Rxc2 
32. Qxg7+ Rxg7 33. Bxg7+ Qxg7 34. Rxg7 Rc7 35. f5 Rc1+ 36. Kg2 Bh4 37. Rb7 Rc2+ 
38. Kf3 h6 39. e7 Bxe7 40. Rxe7 Rc3+ 41. Kg4 Kg8 42. f6 Rxb3 43. Nf4 Rb1 
44. Rg7+ Rb1 45. Rg7+ 
1-0

[Event "34th Chess Olympiad (men)"]
[Site "Istanbul"]
[Date "2000.11.12"]
[Round "14.30.2"]
[White "Sharavdorj, Dashzeveg"]
[Black "Turgut, Tansel"]
[WhiteElo "2448"]
[BlackElo "2285"]
[WhiteCountry "MGL"]
[BlackCountry "TURB"]
[Result "1-0"]

1. Nf3 d5 2. d4 e6 3. c4 c6 4. Qc2 Nf6 5. Bg5 Nbd7 6. cxd5 exd5 7. Nc3 Be7 
8. e3 O-O 9. Bd3 Re8 10. h3 Nf8 11. Bf4 Bd6 12. Bxd6 Qxd6 13. O-O-O Be6 
14. Kb1 b6 15. Rc1 Rac8 16. g4 c5 17. Ba6 Rb8 18. Nb5 Qe7 19. Ne5 Bd7 
20. Nxa7 Ra8 21. Nac6 Bxc6 22. Nxc6 Qc7 23. Bb5 Ne6 24. Ne5 Rec8 25. f3 cxd4 
26. Qxc7 Rxc7 27. Rxc7 Nxc7 28. Bc6 Rd8 29. exd4 Ne6 30. Rd1 Ne8 31. Bb7 N8c7 
32. a4 Kf8 33. b4 f6 34. Nc6 Rd6 35. h4 Ke8 36. Kb2 Nd8 37. Re1+ Nce6 
38. Nxd8 Kxd8 39. Kc3 Kd7 40. a5 bxa5 41. bxa5 Nd8 42. Rb1 Kc7 43. a6 Rb6 
44. Rxb6 Kxb6 45. Bxd5 Kxa6 46. h5 Kb6 47. Bg8 Kc6 48. Bxh7 Nf7 49. Kd3 Kd6 
50. Bg8 Nd8 51. Ke4 Nc6 52. Be6 Ke7 53. Bd5 Nb8 54. Kf5 Nd7 55. Kg6 Kf8 
56. f4 Nb6 57. Be6 Na8 58. d5 Nc7 59. h6 gxh6 60. Kxf6 Ne8+ 61. Kg6 Ke7 
62. Kxh6 
1-0

[Event "34th Chess Olympiad (men)"]
[Site "Istanbul"]
[Date "2000.11.12"]
[Round "14.30.4"]
[White "Byambaa, Zulzaga"]
[Black "Erdogan, Hakan"]
[WhiteElo "2273"]
[BlackElo "2217"]
[WhiteCountry "MGL"]
[BlackCountry "TURB"]
[Result "1-0"]

1. e4 c5 2. Nf3 d6 3. c3 Nf6 4. Be2 Nc6 5. d3 g6 6. O-O Bg7 7. h3 O-O 8. Re1 e5 
9. Be3 b6 10. Nbd2 d5 11. Bg5 d4 12. cxd4 cxd4 13. Nc4 h6 14. Bd2 Qe7 
15. Qc1 g5 16. Nxb6 Rb8 17. Nc4 Kh8 18. b3 Rg8 19. Qa3 Qe8 20. Qc1 Bf8 
21. Nh2 Rg6 22. Rb1 Be7 23. Ng4 Nd7 24. a3 h5 25. Nh2 g4 26. hxg4 hxg4 
27. g3 Nf8 28. b4 a6 29. Qd1 Qd7 30. Qa4 Rb5 31. Rec1 f5 32. Qd1 fxe4 33. a4 e3 
34. axb5 exd2 35. Nxd2 axb5 36. Bxg4 Ne6 37. Ne4 Qd5 38. Bf5 Rh6 39. Ng4 Rh3 
40. Ngf6 Bxf6 41. Bxh3 Bg7 42. Qh5+ Kg8 43. Qe8+ 
1-0

[Event "34th Chess Olympiad (men)"]
[Site "Istanbul"]
[Date "2000.11.12"]
[Round "14.31.1"]
[White "Espinosa, Rafael"]
[Black "Johannessen, Leif Erlend"]
[WhiteElo "2406"]
[BlackElo "2422"]
[WhiteCountry "MEX"]
[BlackCountry "NOR"]
[Result "1/2-1/2"]

1. e4 e6 2. d4 d5 3. e5 c5 4. c3 Qb6 5. Nf3 Nc6 6. a3 Nh6 7. b4 cxd4 
8. cxd4 Nf5 9. Bb2 Be7 10. Bd3 a5 11. Bxf5 exf5 12. Nc3 Be6 13. b5 a4 
14. O-O Na5 15. Qxa4 O-O 16. Qd1 Nc4 17. Bc1 Rfc8 18. a4 Qa5 19. Ne2 Nb6 
20. Bd2 Bb4 21. Bxb4 Qxb4 22. Nf4 Ra6 23. a5 Rxa5 24. Ra4 Nxa4 25. Ng5 g6 
26. Qf3 Qe7 27. Qg3 Nc3 28. Qh4 h5 29. Nxh5 gxh5 30. Qxh5 Qd8 31. Qh6 Qc7 
32. Nh7 f6 33. Qg6+ Kh8 34. Nxf6 Bg8 35. Qxf5 Nxb5 36. Qh3+ Kg7 37. Qg4+ Kh8 
38. h4 Rf8 39. Rb1 Nc3 40. Rb3 Ne4 41. Qh5+ Bh7 42. Qh6 Rb8 43. Nxe4 dxe4 
44. Qf6+ Qg7 45. Qd6 Rc8 46. d5 Qf7 47. Qh6 e3 48. Rxe3 Rc1+ 49. Kh2 Qxf2 
50. d6 Qg1+ 51. Kg3 Rc2 52. Qf8+ Bg8 53. Qh6+ Bh7 54. Qf8+ Bg8 55. Qf6+ Kh7 
56. Qe7+ Kh8 57. Qf6+ Kh7 58. Qf5+ Kh8 59. Qh5+ Kg7 60. Qg4+ Kh8 61. Qh5+ Kg7 
62. Qg5+ Kh7 63. Qf5+ Kh8 
1/2-1/2

[Event "34th Chess Olympiad (men)"]
[Site "Istanbul"]
[Date "2000.11.12"]
[Round "14.31.2"]
[White "Lie, Kjetil A"]
[Black "Gonzalez, Garcia Jose"]
[WhiteElo "2284"]
[BlackElo "2440"]
[WhiteCountry "NOR"]
[BlackCountry "MEX"]
[Result "1/2-1/2"]

1. e4 c5 2. Nf3 g6 3. d4 Bg7 4. d5 Nf6 5. Bd3 O-O 6. O-O d6 7. c4 e6 
8. Nc3 exd5 9. exd5 Bg4 10. h3 Bxf3 11. Qxf3 Nbd7 12. Qd1 Ne8 13. Qc2 a6 
14. a4 Qh4 15. Re1 Ne5 16. Re4 Qd8 17. Bf4 f5 18. Re3 Bf6 19. Bh6 Ng7 
20. Ne2 Re8 21. Nf4 Bg5 22. Bxg5 Qxg5 23. g3 Qf6 24. Be2 g5 25. Nh5 Nxh5 
26. Bxh5 f4 27. Re4 Re7 28. Rae1 Rf8 29. Qc3 fxg3 30. Qxg3 Kh8 31. R1e2 a5 
32. Bg4 Qg6 33. Kg2 h5 34. Be6 Rf3 35. Qxf3 Nxf3 36. Kxf3 Re8 37. Kg2 Qf6 
38. b3 Rf8 39. R4e3 Qg7 40. Rg3 Kh7 41. Rge3 Kh8 42. Rg3 Kh7 43. Rge3 Kg6 
44. Rg3 Kh6 45. Rge3 Kg6 
1/2-1/2

[Event "34th Chess Olympiad (men)"]
[Site "Istanbul"]
[Date "2000.11.12"]
[Round "14.31.3"]
[White "Estrada, Nieto Julian"]
[Black "Trygstad, Kristian"]
[WhiteElo "2397"]
[BlackElo "2248"]
[WhiteCountry "MEX"]
[BlackCountry "NOR"]
[Result "0-1"]

1. e4 c5 2. Nf3 e6 3. c3 Nf6 4. e5 Nd5 5. Bc4 Nb6 6. Bb3 d6 7. d4 dxe5 
8. Nxe5 N8d7 9. Nf3 Be7 10. O-O O-O 11. Qe2 cxd4 12. cxd4 Nf6 13. Nc3 Nbd5 
14. Ne5 Qc7 15. Bd2 Nxc3 16. bxc3 Bd6 17. Rfe1 b6 18. Qd3 Bb7 19. Bg5 Nd5 
20. Bd2 Rac8 21. Qh3 Bxe5 22. Rxe5 Nxc3 23. Rae1 Nd5 24. Qh4 Qd8 25. Rg5 Qf6 
26. Qg4 Qh6 27. Qe2 Qh4 28. Rg4 Qf6 29. Bg5 Nc3 30. Qe3 Qf5 31. Rg3 Ne4 
32. Be7 Nxg3 33. Bxf8 Ne4 34. Be7 Rc7 35. Bh4 Qh5 36. Bg3 Rc3 37. Qf4 Qa5 
38. Rd1 Rc8 39. f3 Nc3 40. Re1 Bd5 41. Qd6 Bxb3 42. Qd7 Rf8 43. axb3 a6 
44. h4 Qd5 45. Qc7 Qxb3 46. Kh2 Nd5 47. Qd7 Qc3 48. Rxe6 fxe6 49. Qxe6+ Kh8 
50. Qxd5 Qc8 51. Be5 Qd8 52. Qe4 a5 53. Qg4 Qe7 54. h5 h6 55. f4 a4 56. d5 a3 
57. d6 Qf7 58. Qf3 a2 59. Kg3 Re8 60. Bd4 Rd8 61. Qa3 Qxh5 62. Qxa2 Qg6+ 
63. Kh2 Rxd6 64. Be5 Rc6 65. Qe2 Qf5 66. Qb5 Qh5+ 67. Kg1 Rc1+ 68. Kf2 Rc2+ 
69. Kg1 Qg6 70. Qd5 b5 71. f5 Rc1+ 72. Kh2 Qh5+ 73. Kg3 Qg5+ 74. Kf3 Qxf5+ 
75. Ke3 Re1+ 76. Kd4 
0-1

[Event "34th Chess Olympiad (men)"]
[Site "Istanbul"]
[Date "2000.11.12"]
[Round "14.32.1"]
[White "Rohl, Juan"]
[Black "Kastanieda, Georgiy"]
[WhiteElo "2350"]
[BlackElo "2457"]
[WhiteCountry "VEN"]
[BlackCountry "PER"]
[Result "1/2-1/2"]

1. e4 d6 2. d4 Nf6 3. Nc3 g6 4. Nf3 Bg7 5. h3 O-O 6. Be3 c6 7. a4 Nbd7 8. a5 e5 
9. dxe5 dxe5 10. Qd6 Re8 11. Bc4 Qe7 12. Qxe7 
1/2-1/2

[Event "34th Chess Olympiad (men)"]
[Site "Istanbul"]
[Date "2000.11.12"]
[Round "14.32.2"]
[White "Belli, Mario"]
[Black "Sequera, Jose"]
[WhiteElo "2393"]
[BlackElo "2357"]
[WhiteCountry "PER"]
[BlackCountry "VEN"]
[Result "1-0"]

1. c4 e6 2. Nc3 d5 3. d4 f5 4. g3 c6 5. Bg2 Nf6 6. Nf3 Bd6 7. O-O O-O 
8. a3 Nbd7 9. Qd3 Ne4 10. b4 a5 11. b5 dxc4 12. Qxc4 Nb6 13. Qd3 Nxc3 
14. Qxc3 cxb5 15. Qd3 Bd7 16. e4 Qc7 17. Be3 Qc4 18. Qb1 fxe4 19. Ng5 Qd3 
20. Qa2 h6 21. Nxe6 Rf7 22. Nc5 Bxc5 23. dxc5 Na4 24. Rfd1 Qc4 25. Qxc4 bxc4 
26. Bxe4 Bc6 27. Bxc6 bxc6 28. Rac1 Rb7 29. Rd6 Rb3 30. Rxc4 Rxa3 31. Rxc6 Nb2 
32. Rg4 Rxe3 33. fxe3 a4 34. Rc7 g5 35. Rb4 Nd3 36. Rbb7 Ne5 37. Rg7+ Kf8 
38. Rh7 Ng6 39. c6 Rc8 40. c7 
1-0

[Event "34th Chess Olympiad (men)"]
[Site "Istanbul"]
[Date "2000.11.12"]
[Round "14.33.1"]
[White "Lodhi, Mahmood"]
[Black "Ghaem, Maghami Ehsan"]
[WhiteElo "2438"]
[BlackElo "2488"]
[WhiteCountry "PAK"]
[BlackCountry "IRI"]
[Result "0-1"]

1. d4 Nf6 2. Nf3 c5 3. d5 b5 4. Bg5 Ne4 5. Bh4 Bb7 6. Qd3 f5 7. Nc3 c4 
8. Qd4 Qa5 9. e3 e6 10. dxe6 dxe6 11. O-O-O Bd5 12. Nxe4 fxe4 13. Ne5 Qxa2 
14. Nxc4 Nc6 
0-1

[Event "34th Chess Olympiad (men)"]
[Site "Istanbul"]
[Date "2000.11.12"]
[Round "14.33.3"]
[White "Ullah, Asad"]
[Black "Abbasifar, Hasan"]
[WhiteElo "2000"]
[BlackElo "2375"]
[WhiteCountry "PAK"]
[BlackCountry "IRI"]
[Result "1-0"]

1. e4 e5 2. Nf3 Nc6 3. Bb5 a6 4. Ba4 Nf6 5. O-O Be7 6. Re1 b5 7. Bb3 Bb7 
8. c3 O-O 9. d4 d6 10. Nbd2 Nd7 11. Nf1 Na5 12. Bc2 c5 13. d5 Nc4 14. b3 Ncb6 
15. g4 Re8 16. Ne3 c4 17. Nf5 a5 18. Nxe7+ Rxe7 19. Nh4 Nc5 20. Nf5 Rc7 
21. Re3 Bc8 22. Rh3 Kh8 23. f4 Bxf5 24. exf5 e4 25. Be3 Nbd7 26. g5 Nd3 
27. Qh5 Qg8 28. Rf1 Rac8 29. Bd4 f6 30. Kh1 fxg5 31. Qxg5 Qf7 32. Rh6 Rf8 
33. Rxd6 Nf6 34. bxc4 bxc4 35. Qg2 Ne8 36. Re6 Qxf5 37. Qxe4 Nd6 38. Qg2 Nb5 
39. Be5 Rd7 40. Rg1 Qf7 41. Bxd3 cxd3 42. c4 Na3 43. c5 Nc4 44. Bd4 d2 
45. c6 Ra7 46. Bxa7 Qxa7 47. Re4 Nd6 48. Re2 Nc4 49. Rxd2 Rxf4 50. c7 Qxc7 
51. d6 Nxd6 52. Rxd6 Rf8 53. Qc6 Qe7 54. Rd7 Qe8 55. Rc7 Qe5 56. Rcxg7 a4 
57. Rxh7+ Kxh7 58. Qg6+ 
1-0

[Event "34th Chess Olympiad (men)"]
[Site "Istanbul"]
[Date "2000.11.12"]
[Round "14.34.1"]
[White "Zaw, Win"]
[Black "Gluckman, David"]
[WhiteElo "2578"]
[BlackElo "2400"]
[WhiteCountry "MYA"]
[BlackCountry "RSA"]
[Result "1/2-1/2"]

1. e4 e5 2. Nf3 Nc6 3. Bb5 g6 4. O-O Bg7 5. c3 a6 6. Ba4 d6 7. d4 Bd7 8. Bg5 f6 
9. Be3 Nh6 10. dxe5 Nxe5 11. Nxe5 fxe5 12. f3 Nf7 13. Bb3 Qe7 14. Bd5 Nd8 
15. Qd2 Be6 16. Rd1 O-O 17. a4 Bxd5 18. Qxd5+ Qf7 19. Nd2 h5 20. Qxf7+ Rxf7 
21. b4 b6 22. Nc4 Ne6 23. Ra2 Nf4 24. Bxf4 exf4 25. Ra3 Rff8 26. Kf2 b5 
27. Na5 bxa4 28. c4 c5 29. bxc5 dxc5 30. Nc6 Rf7 31. Rxa4 Rb7 32. Ra2 a5 
33. Rxa5 Rb2+ 34. Kf1 Rxa5 35. Nxa5 Bd4 36. Nc6 Rf2+ 37. Ke1 Rxg2 38. Nxd4 cxd4 
39. Rd2 Rg1+ 40. Ke2 Rc1 41. Kd3 Rc3+ 42. Kxd4 Rxf3 43. c5 Kf7 44. c6 Ke7 
45. Rg2 Rh3 46. Ke5 Rc3 47. Rxg6 f3 48. Re6+ Kf7 49. Rf6+ Ke7 50. Rf4 Rxc6 
51. Rxf3 Rc5+ 52. Kf4 Kf6 53. Ra3 Rc2 54. Ra6+ Kg7 55. h4 Rg2 56. Kf5 Rg4 
57. Ra7+ Kf8 58. e5 Rxh4 59. Kf6 Rf4+ 60. Ke6 h4 
1/2-1/2

[Event "34th Chess Olympiad (men)"]
[Site "Istanbul"]
[Date "2000.11.12"]
[Round "14.34.2"]
[White "Solomon, Kenny"]
[Black "Aung, Aung"]
[WhiteElo "2267"]
[BlackElo "2520"]
[WhiteCountry "RSA"]
[BlackCountry "MYA"]
[Result "1/2-1/2"]

1. d4 f5 2. g3 Nf6 3. Nf3 g6 4. c4 Bg7 5. b4 O-O 6. Bb2 d6 7. Bg2 c6 8. O-O Na6 
9. a3 Nc7 10. Nbd2 Qe8 11. Qc2 h6 12. Nh4 e6 13. e4 g5 14. Nhf3 d5 
15. exf5 exf5 16. Rfe1 Qd8 17. Rac1 dxc4 18. Qxc4+ Nfd5 19. Nb3 f4 20. Na5 Qf6 
21. Qc2 Bf5 22. Qd2 Rab8 23. Ne5 Be6 24. Bf3 Nb5 25. Naxc6 bxc6 26. Rxc6 fxg3 
27. hxg3 Nbc7 28. Bg4 Rbe8 29. Nd7 Qf7 30. Bxe6 Rxe6 31. Rcxe6 Qxd7 
32. R6e4 Qh3 33. Qc2 Qf5 34. Qe2 Kh8 35. Kg2 a6 36. f3 Nb5 37. Re8 Qf7 
38. Rxf8+ Qxf8 39. Qe6 Nbc7 40. Qg6 Bf6 41. Rh1 Bg7 42. Qxg5 
1/2-1/2

[Event "34th Chess Olympiad (men)"]
[Site "Istanbul"]
[Date "2000.11.12"]
[Round "14.34.4"]
[White "Kromhout, Ewan"]
[Black "Wynn, Zaw Htun"]
[WhiteElo "2000"]
[BlackElo "2434"]
[WhiteCountry "RSA"]
[BlackCountry "MYA"]
[Result "1-0"]

1. d4 Nf6 2. Nf3 d6 3. c4 g6 4. Nc3 Bg7 5. Bg5 h6 6. Bh4 O-O 7. e3 c6 
8. Be2 Nbd7 9. Qc2 e5 10. dxe5 dxe5 11. O-O Qe7 12. Nd2 a5 13. a3 g5 
14. Bg3 Ne8 15. Rab1 f5 16. f3 f4 17. Bf2 fxe3 18. Bxe3 Nc5 19. b4 axb4 
20. axb4 Ne6 21. c5 Nd4 22. Bc4+ Kh8 23. Bxd4 exd4 24. Rfe1 Qf6 25. Nce4 Qf4 
26. Re2 Ra3 27. Rbe1 Bf5 28. Bd3 g4 29. g3 Qb8 30. f4 b5 31. cxb6 Nd6 
32. Nc4 Nxc4 33. Qxc4 Qxb6 34. Rd1 Bxe4 35. Rxe4 Rc3 36. Qe6 Qxb4 37. Qxg4 Qb3 
38. Qe2 c5 39. Re8 Qxd1+ 40. Qxd1 Rxe8 41. Qh5 Re3 42. Bf5 Re1+ 43. Kg2 Rce3 
44. Qg6 Kg8 45. Bd3 Re8 46. Qh7+ Kf8 47. Qf5+ Ke7 48. Qxc5+ Kf7 49. Qf5+ Ke7 
50. Qh7 
1-0

[Event "34th Chess Olympiad (men)"]
[Site "Istanbul"]
[Date "2000.11.12"]
[Round "14.35.1"]
[White "Williams, Leighton"]
[Black "Matamoros, Franco Carlos S"]
[WhiteElo "2317"]
[BlackElo "2467"]
[WhiteCountry "WLS"]
[BlackCountry "ECU"]
[Result "0-1"]

1. d4 Nf6 2. c4 c5 3. d5 b5 4. cxb5 a6 5. f3 g6 6. e4 Bg7 7. e5 Ng8 8. Bf4 d6 
9. Nc3 dxe5 10. Be3 Nd7 11. Nh3 Ngf6 12. Nf2 O-O 13. Nfe4 Nxe4 14. fxe4 Qa5 
15. bxa6 Nf6 16. Qa4 Qb4 17. Qxb4 cxb4 18. Na4 Bxa6 19. Bxa6 Rxa6 20. Nc5 Ra5 
21. O-O Rfa8 22. Rfc1 Rxa2 23. Rxa2 Rxa2 24. Nd3 h6 25. Rc4 Ra1+ 26. Kf2 Ng4+ 
27. Ke2 Nxh2 28. Rxb4 f5 29. Bc5 Bf6 30. Rb7 Nf1 31. Bxe7 Ng3+ 32. Ke3 Bxe7 
33. Rxe7 fxe4 34. Re6 exd3 35. Rxg6+ Kf7 36. Rxg3 e4 37. d6 Re1+ 38. Kd2 Re2+ 
39. Kd1 Rxb2 40. d7 Ke7 
0-1

[Event "34th Chess Olympiad (men)"]
[Site "Istanbul"]
[Date "2000.11.12"]
[Round "14.35.2"]
[White "Bastidas, Rodriguez Emilio Jos"]
[Black "Dineley, Richard"]
[WhiteElo "2334"]
[BlackElo "2273"]
[WhiteCountry "ECU"]
[BlackCountry "WLS"]
[Result "1-0"]

1. e4 c5 2. Nf3 d6 3. d4 cxd4 4. Nxd4 Nf6 5. f3 Nc6 6. c4 Qb6 7. Nc2 e6 
8. Nc3 Be7 9. Rb1 O-O 10. Be3 Qc7 11. g4 a6 12. g5 Nd7 13. f4 Re8 14. Qd2 b6 
15. b4 Bb7 16. Bd3 Bf8 17. O-O Rac8 18. Rb3 g6 19. Qf2 Bg7 20. Na4 b5 
21. cxb5 axb5 22. Nb6 Nce5 23. fxe5 Nxe5 24. Nxc8 Nxd3 25. Qxf7+ Qxf7 
26. Rxf7 Bxc8 27. Rxg7+ 
1-0

[Event "34th Chess Olympiad (men)"]
[Site "Istanbul"]
[Date "2000.11.12"]
[Round "14.35.3"]
[White "Zeidler, Sven P"]
[Black "Mera, Cedeno Angel"]
[WhiteElo "2255"]
[BlackElo "2376"]
[WhiteCountry "WLS"]
[BlackCountry "ECU"]
[Result "1/2-1/2"]

1. e4 c5 2. Nc3 a6 3. f4 Nc6 4. Nf3 e6 5. d3 b5 6. Qe2 Nd4 7. Qf2 Nxf3+ 
8. Qxf3 Bb7 9. f5 Qh4+ 10. g3 Qf6 11. Bh3 g6 12. O-O b4 13. fxe6 Qxf3 
14. Rxf3 dxe6 15. Na4 Bc6 16. b3 Bxa4 17. Bb2 e5 18. Bxe5 f6 19. Rxf6 Nxf6 
20. Bxf6 Rg8 21. Be6 Rg7 22. bxa4 Rga7 23. Bd5 Rc8 24. Rf1 Bg7 25. g4 Bxf6 
26. Rxf6 a5 27. Kg2 c4 28. dxc4 Rac7 29. Ra6 Rxc4 30. Bxc4 Rxc4 31. Rxa5 Rxc2+ 
32. Kf3 Rxa2 33. Ra7 Rxh2 34. Rb7 b3 35. Kg3 Ra2 36. Rxb3 Rxa4 37. Kf4 Ra7 
38. g5 
1/2-1/2

[Event "34th Chess Olympiad (men)"]
[Site "Istanbul"]
[Date "2000.11.12"]
[Round "14.35.4"]
[White "Moran, Augusto"]
[Black "Jones, Richard S"]
[WhiteElo "2392"]
[BlackElo "2114"]
[WhiteCountry "ECU"]
[BlackCountry "WLS"]
[Result "0-1"]

1. d4 g6 2. Nf3 Nf6 3. g3 Bg7 4. Bg2 O-O 5. O-O d6 6. b3 c5 7. Bb2 cxd4 
8. Nxd4 d5 9. c4 dxc4 10. bxc4 Qc7 11. Nd2 a6 12. Rc1 Rd8 13. Qc2 e5 
14. N4b3 Nc6 15. c5 Bf5 16. Qc4 Rd7 17. Qh4 Rad8 18. Nc4 Ng4 19. Nd6 Bf6 
20. Qh3 Be6 21. Bxc6 Qxc6 22. Qg2 Qa4 23. Bc3 b6 24. h3 Nh6 25. Ne4 Bg7 
26. cxb6 Bxb3 27. axb3 Qb5 28. b4 Qxb6 29. Nc5 Ra7 30. Rfd1 Nf5 31. Rxd8+ Qxd8 
32. Qe4 Qg5 33. Nd3 Rc7 34. Qa8+ Bf8 35. Bd2 Rxc1+ 36. Bxc1 Qf6 37. e4 Qd6 
38. exf5 Qxd3 39. Be3 Qb1+ 40. Kg2 Qxb4 41. f6 a5 42. Bh6 a4 43. Bxf8 Qxf8 
44. Qxa4 Qd8 45. Qc6 h6 46. h4 Kh7 47. h5 Qd4 48. Qb7 Qc4 49. Qd7 e4 50. g4 g5 
51. Qf5+ Kg8 52. Qd7 Qe6 53. Qd8+ Kh7 54. Kh3 Qb3+ 55. Kh2 Qf3 56. Qe7 Qxf2+ 
57. Kh1 Qh4+ 58. Kg2 Qxg4+ 59. Kf2 Qe6 60. Ke3 Qd5 61. Kf2 Qd2+ 62. Kg3 Qf4+ 
63. Kg2 Qf3+ 64. Kg1 Qxh5 65. Qxe4+ Qg6 66. Qe7 g4 67. Kg2 h5 68. Kg3 Qd3+ 
69. Kh4 Kg6 70. Qe3 Qf5 
0-1

[Event "34th Chess Olympiad (men)"]
[Site "Istanbul"]
[Date "2000.11.12"]
[Round "14.36.1"]
[White "Samuel Sousa, Carlos"]
[Black "Hamdouchi, Hichem"]
[WhiteElo "2000"]
[BlackElo "2541"]
[WhiteCountry "ANG"]
[BlackCountry "MAR"]
[Result "0-1"]

1. e4 c5 2. Nf3 Nc6 3. d4 cxd4 4. Nxd4 Nf6 5. Nc3 d6 6. Be2 g6 7. O-O Bg7 
8. Nb3 O-O 9. Bg5 a5 10. a4 Be6 11. Kh1 Rc8 12. f4 Nb4 13. Bf3 Qb6 14. Nd4 Bc4 
15. Re1 Rfd8 16. f5 d5 17. e5 Ne4 18. Be3 Bxe5 19. Ne6 Qxe3 20. Rxe3 Nf2+ 
21. Kg1 Nxd1 22. Rxe5 fxe6 23. Rxd1 gxf5 24. Rd2 Kf7 25. Ne2 Nc6 26. Re3 d4 
27. Bh5+ Kf6 28. Rh3 e5 29. Ng3 e6 30. Rf2 Kg7 31. Bd1 Rf8 32. Nh5+ Kh8 
33. b3 Bd5 34. Rh4 Nb4 35. g4 Na2 36. c4 Nc3 37. Bc2 Be4 
0-1

[Event "34th Chess Olympiad (men)"]
[Site "Istanbul"]
[Date "2000.11.12"]
[Round "14.36.2"]
[White "Tissir, Mohamed"]
[Black "Domingos, Gomes"]
[WhiteElo "2342"]
[BlackElo "2000"]
[WhiteCountry "MAR"]
[BlackCountry "ANG"]
[Result "1-0"]

1. Nf3 Nf6 2. d4 e6 3. c4 d5 4. Nc3 c6 5. e3 Bd6 6. Bd3 Nbd7 7. O-O O-O 
8. e4 dxe4 9. Nxe4 Nxe4 10. Bxe4 Nf6 11. Bc2 h6 12. b3 b6 13. Bb2 Bb7 
14. Qd3 Re8 15. Rfe1 g6 16. Rad1 Nh5 17. Qe4 f5 18. Qe3 Bf4 19. Qc3 Qf6 
20. Ne5 Rad8 21. g3 Bxe5 22. dxe5 Qe7 23. Rd6 c5 24. b4 Ba8 25. bxc5 bxc5 
26. Ba4 Rf8 27. Red1 Qb7 28. f3 Rb8 29. R1d2 Ng7 30. Bc6 Qb4 31. Bxa8 Qxc3 
32. Bxc3 Rb1+ 33. Rd1 Rxd1+ 34. Rxd1 Rxa8 35. Rd7 Rb8 36. Rxa7 Rb1+ 37. Kf2 Rc1 
38. Bd2 Rxc4 39. Bxh6 Nh5 40. a4 Rb4 41. a5 Rb2+ 42. Kg1 Rb4 43. a6 Ra4 
44. Be3 f4 45. gxf4 Nxf4 46. Bxf4 Rxf4 47. Rb7 
1-0

[Event "34th Chess Olympiad (men)"]
[Site "Istanbul"]
[Date "2000.11.12"]
[Round "14.37.2"]
[White "Rama, Lorenc"]
[Black "Rahman, Ziaur"]
[WhiteElo "2316"]
[BlackElo "2421"]
[WhiteCountry "ALB"]
[BlackCountry "BAN"]
[Result "0-1"]

1. g3 d5 2. Bg2 c6 3. Nf3 Bg4 4. b3 Nd7 5. Bb2 e6 6. O-O h5 7. d3 h4 
8. Nbd2 hxg3 9. fxg3 Qb6+ 10. Kh1 Qc7 11. Qe1 Bd6 12. Kg1 Ngf6 13. e4 Bxf3 
14. Bxf3 O-O-O 15. d4 dxe4 16. Nxe4 Nxe4 17. Bxe4 Nf6 18. Bf3 Rh6 19. c4 Rdh8 
20. c5 Be7 21. Bc1 Rxh2 22. Bf4 Qd8 23. Qe5 Nd7 24. Qe4 g5 25. Be3 Qc7 
26. Bf2 R2h6 27. b4 f5 28. Qd3 g4 29. Bg2 Bg5 30. Be1 Nf6 31. b5 Qh7 
32. bxc6 Ne4 33. cxb7+ Kb8 
0-1

[Event "34th Chess Olympiad (men)"]
[Site "Istanbul"]
[Date "2000.11.12"]
[Round "14.37.4"]
[White "Mehmeti, Dritan"]
[Black "Hossain, Rajib"]
[WhiteElo "2000"]
[BlackElo "2314"]
[WhiteCountry "ALB"]
[BlackCountry "BAN"]
[Result "0-1"]

1. d4 Nf6 2. Bg5 Ne4 3. Bh4 c5 4. f3 g5 5. fxe4 gxh4 6. e3 Bh6 7. Kf2 cxd4 
8. exd4 Qb6 9. Nc3 e6 10. Nf3 Nc6 11. Na4 Qc7 12. e5 O-O 13. Nc3 f6 
14. exf6 Qf4 15. g3 Qxf6 16. Be2 Nxd4 17. Rf1 b6 18. Ke1 Nxe2 19. Qxe2 hxg3 
20. Rg1 Kh8 21. Rxg3 Bb7 22. Ne5 Bf4 23. Nxd7 Bxg3+ 24. hxg3 Qg5 25. Nxf8 Rxf8 
26. Qd3 Rd8 27. Ne4 Rxd3 28. Nxg5 Rxg3 
0-1

[Event "34th Chess Olympiad (men)"]
[Site "Istanbul"]
[Date "2000.11.12"]
[Round "14.38.1"]
[White "Roselli, Mailhe Bernardo"]
[Black "Arduman, Can"]
[WhiteElo "2400"]
[BlackElo "2397"]
[WhiteCountry "URU"]
[BlackCountry "TURA"]
[Result "0-1"]

1. e4 c5 2. Nc3 Nc6 3. g3 g6 4. Bg2 Bg7 5. d3 d6 6. f4 e6 7. Nf3 Nge7 
8. O-O O-O 9. Be3 Nd4 10. e5 Nef5 11. Bf2 Nxf3+ 12. Qxf3 Nd4 13. Qd1 dxe5 
14. fxe5 Bxe5 15. Ne4 Nc6 16. c3 b6 17. Nxc5 bxc5 18. Bxc6 Rb8 19. Rb1 Ba6 
20. Re1 Qc7 21. Bg2 Rfd8 22. d4 cxd4 23. cxd4 Bg7 24. Qd2 Bb7 25. Bxb7 Qxb7 
26. Red1 Qd5 27. b4 e5 28. Rb3 exd4 29. Rd3 Rb7 30. a4 Qc4 31. Be1 Re8 
32. Bf2 Qxb4 33. Bxd4 Qxa4 34. Bxg7 Kxg7 35. Qc3+ Kg8 36. Rd8 Rbe7 37. Qf6 Rxd8 
38. Rxd8+ Re8 39. Rd2 Qa5 40. Rd7 Qb6+ 41. Qxb6 axb6 42. Rb7 Re6 43. Kf2 h5 
44. h4 Kg7 45. Kf3 Rc6 46. Ke4 Kf8 47. Ke5 Re6+ 48. Kf4 Rf6+ 49. Ke4 Ke8 
50. Kd4 
0-1

[Event "34th Chess Olympiad (men)"]
[Site "Istanbul"]
[Date "2000.11.12"]
[Round "14.38.3"]
[White "Carvalho, Guillermo"]
[Black "Gurcan, Selim"]
[WhiteElo "2172"]
[BlackElo "2295"]
[WhiteCountry "URU"]
[BlackCountry "TURA"]
[Result "1/2-1/2"]

1. c4 Nf6 2. Nc3 g6 3. e4 d6 4. g3 Bg7 5. Bg2 O-O 6. Nge2 e5 7. O-O Nc6 
8. d3 Nh5 9. Rb1 f5 10. f3 Be6 11. b4 a6 12. Nd5 Qd7 13. Bh3 Rf7 14. Rf2 Raf8 
15. Bg2 Nf6 16. Rf1 fxe4 17. dxe4 Ne7 18. Nec3 c6 19. Nb6 Qc7 20. Be3 Nc8 
21. Nxc8 Rxc8 22. Qd3 b5 23. cxb5 axb5 24. Rfd1 d5 25. exd5 Nxd5 26. Nxd5 Bxd5 
27. Rd2 Bxf3 28. Bxf3 Rxf3 29. Qe4 Qf7 30. Kg2 Rf8 31. Bc5 Qf5 32. Re1 Qxe4 
33. Rxe4 R8f5 34. Rd8+ Kf7 35. Rd7+ Kg8 36. Rd8+ Kf7 37. Rd7+ 
1/2-1/2

[Event "34th Chess Olympiad (men)"]
[Site "Istanbul"]
[Date "2000.11.12"]
[Round "14.38.4"]
[White "Karadeniz, Emre"]
[Black "Muniz, Rafael"]
[WhiteElo "2278"]
[BlackElo "2131"]
[WhiteCountry "TURA"]
[BlackCountry "URU"]
[Result "1-0"]

1. d4 f5 2. g3 Nf6 3. Bg2 e6 4. c4 Bb4+ 5. Bd2 Bxd2+ 6. Nxd2 O-O 7. e3 d6 
8. Ne2 Nc6 9. O-O Qe8 10. Rc1 e5 11. c5 Qh5 12. cxd6 cxd6 13. Nc4 f4 
14. exf4 Bh3 15. Nxd6 Bxg2 16. Kxg2 exd4 17. Nxd4 Qd5+ 18. Nf3 Qxa2 
19. Nxb7 Qxb2 20. Nd6 Qb6 21. Qe2 Nd8 22. Rfd1 Kh8 23. Ne5 Qb4 24. Rc7 Qb3 
25. Nec4 Ng8 26. Rd4 Qb8 27. Rc8 Qxc8 28. Nxc8 Rxc8 29. Rd7 Nf6 30. Rxa7 Nc6 
31. Rb7 Rcd8 32. Ne5 Rde8 33. Qb5 Ne7 34. Qc5 Ned5 35. Qd6 Kg8 36. h4 Kh8 
37. h5 Nxf4+ 38. gxf4 Nxh5 39. Qd7 Nxf4+ 40. Kf1 Nh5 41. Nf7+ Kg8 42. Ng5 Kh8 
1-0